书目信息 |
| 题名: |
诞生
|
|
| 作者: | 董伟 著 | |
| 分册: | ||
| 出版信息: | 北京 东方出版社 2019.06 |
|
| 页数: | 493页 | |
| 开本: | 24cm | |
| 丛书名: | ||
| 单 册: | ||
| 中图分类: | D232-49 | |
| 科图分类: | ||
| 主题词: | ||
| 电子资源: | ||
| ISBN: | 978-7-5207-1011-4 | |
| 000 | 00874nam0 2200253 450 | |
| 001 | 2047181534 | |
| 005 | 20201106130630.11 | |
| 010 | @a978-7-5207-1011-4@dCNY69.80 | |
| 100 | @a20190625d2019 em y0chiy50 ea | |
| 101 | 0 | @achi |
| 102 | @aCN@b110000 | |
| 105 | @ay a 000yy | |
| 200 | 1 | @a诞生@Adan sheng@e共和国孕育的十个月@f董伟著 |
| 210 | @a北京@c东方出版社@d2019.06 | |
| 215 | @a493页@d24cm | |
| 314 | @a董伟, 博士, 编审。 | |
| 320 | @a有书目 | |
| 330 | @a本书作者别出心裁截取了1949年1月至10月这段时间, 集中围绕新中国筹建这一主线展开叙述, 清晰地描绘了新中国从萌芽、发育, 到成型、诞生的过程。 | |
| 517 | 1 | @a共和国孕育的十个月@Agong he guo yun yu de shi ge yue |
| 601 | 02 | @a中国共产党@Azhong guo gong chan dang@x党史@z1949@j通俗读物 |
| 690 | @aD232-49@v5 | |
| 701 | 0 | @a董伟@Adong wei@4著 |
| 801 | 0 | @aCN@b人天书店@c20201024 |
| 905 | @aZUCC@dD232-49@eD743 | |
| 诞生:共和国孕育的十个月/董伟著.-北京:东方出版社,2019.06 |
| 493页;24cm |
| ISBN 978-7-5207-1011-4:CNY69.80 |
| 本书作者别出心裁截取了1949年1月至10月这段时间, 集中围绕新中国筹建这一主线展开叙述, 清晰地描绘了新中国从萌芽、发育, 到成型、诞生的过程。 |
| ● |
| 相关链接 |
|
|
|
正题名:诞生
索取号:D232-49/D743
 
预约/预借
| 序号 | 登录号 | 条形码 | 馆藏地/架位号 | 状态 | 备注 |
| 1 | 1482200 | 214822003 | 社科库509/509社科库 69排8列4层/ [索取号:D232-49/D743] | 在馆 | |
| 2 | 1482201 | 214822012 | 社科库509/509社科库 69排1列3层/ [索取号:D232-49/D743] | 在馆 | |
| 3 | 1482202 | 214822021 | 社科库509/509社科库 69排8列4层/ [索取号:D232-49/D743] | 在馆 |